MDQL
is popping MORE tags! Check the
thread
!
Quizzes
Events
Quiz Creation
Community
Videos
Private Events
Remove Ads
Sign In
Join for FREE
Feedback
Dark Mode
Quiz Categories
Sports
Geography
Music
Movies
Television
Just For Fun
Miscellaneous
History
Literature
Language
Science
Gaming
Entertainment
Religion
Holiday
For Kids
Quiz Lab
Recent
Popular Today
Quiz Kudos Today
Editor Picks
Curator Picks
Quizzes by...
Day
Popularity
Type
Ratings
Length
Year
Community
Subscriptions
Recent Discussions
Orange Saloon
Badges
Playlists
Quests
Create
Leaderboards
Showdown
Live 5
Trivia Bingo
Activity
Puzzle Library
Sporcle Events
Private Events
Virtual Trivia
Globe League
Become a Host
Pub Owners
SporcleCon
Opinionation
Our Games
Videos
Blog
Mobile Apps
Partnerships
Remove Ads and Go Orange
Feedback
Music
Pop Music
The Beatles
Song
Album
Lyrics
Bands
Singers
Artist
Clip
Rock
Rap
Classical
Billboard
Country Music
Kpop
Taylor Swift
Music
Pop Music
The Beatles
Song
Album
Lyrics
Bands
Singers
Artist
Clip
Rock
Rap
Classical
Billboard
Country Music
Kpop
Taylor Swift
Random Quiz
Search Sporcle
×
Quiz Lab
Quiz Lab
Music
Christmas
Type in answers that appear in a list
Type in answers that appear in a list
Classic
Best Score? Go Orange.
The Nightmare Before Christmas - Jack's Lament Stats
Can you name all of the lyrics to The Nightmare Before Christmas' Jack's Lament?
By
wildanimal
7m
257 Questions
862 Plays
862 Plays
862 Plays
Comments
Comments
Give Quiz Kudos
Give Quiz Kudos
-
- Ratings
hide this ad
Replay
Link that replays current quiz
Next Quiz
Link to next quiz in quiz playlist
You Got
0%
They Got
Avg Score
78%
Avg Friend Score
Upgrade to see
Score Distribution
Jump to the score distribution portion of the page
Score
0/257
Timer
07:00
1
Play Today
% Correct
I
97.6%
I
97.6%
I
97.6%
I
97.6%
a
97.6%
a
97.6%
a
97.6%
I
97.6%
I
97.6%
I
97.6%
A
97.6%
a
97.6%
a
97.6%
I
97.6%
I
97.6%
I
97.6%
the
97.3%
the
97.3%
the
97.3%
the
97.3%
the
97.3%
the
97.3%
the
97.3%
the
97.3%
the
97.3%
the
97.3%
the
97.3%
the
97.3%
The
97.3%
An
92.3%
and
92.1%
and
92.1%
And
92.1%
And
92.1%
and
92.1%
And
92.1%
And
92.1%
and
92.1%
And
92.1%
and
92.1%
my
91.9%
my
91.9%
my
91.9%
my
91.9%
my
91.9%
my
91.9%
my
91.9%
There
91.5%
am
91.5%
there
91.5%
am
91.5%
of
90.6%
of
90.6%
of
90.6%
of
90.6%
of
90.6%
of
90.6%
of
90.6%
of
90.6%
of
90.6%
of
90.6%
of
90.6%
to
90.3%
to
90.3%
To
90.3%
To
90.3%
do
89.7%
in
89.3%
in
89.3%
in
89.3%
who
89.2%
what
88.4%
are
87.4%
are
87.4%
so
86.3%
so
86.3%
it
85.8%
it
85.8%
off
85.7%
off
85.7%
best.
85.6%
king.
84.8%
king
84.8%
have
84.6%
have
84.6%
pumpkin
84.6%
% Correct
Have
84.6%
pumpkin
84.6%
few
84%
grow
83.8%
grow.
83.8%
With
83.6%
With
83.6%
With
83.6%
with
83.6%
that
83.5%
That
83.5%
That
83.5%
For
83.3%
for
83.3%
for
83.3%
deny
82.6%
far
82.3%
far
82.3%
scream
82.3%
tire
82.3%
out
82%
out
82%
out
82%
out
82%
he
81.7%
wide.
81.2%
grown
80.5%
grown
80.5%
Jack
80.3%
ever
80.2%
same
80.2%
same
80.2%
ever
80.2%
an
80%
thing.
79.7%
can
79.7%
can
79.7%
can.
79.7%
old
79.5%
talents
79.4%
bones.
78.7%
bones.
78.7%
tired
78.4%
give
77.3%
I'm
77.3%
i'm
77.3%
i'm
77.3%
give
77.3%
Oh
76.9%
Oh
76.9%
known.
76.8%
head.
76.8%
No
76.5%
place
76.3%
take
76.2%
known
76.1%
night.
75.6%
come
75.4%
year
75.2%
year
75.2%
year
75.2%
year.
75.2%
these
74.9%
these
74.9%
after
74.4%
after
74.4%
dead
73.9%
well
73.7%
at
73.5%
their
73.3%
When
72.9%
There's
72.9%
there's
72.9%
recite
72.7%
hand
72.6%
wave
72.4%
Mister
72.3%
feet.
72.2%
Kentucky
71.9%
very
71.8%
since
71.7%
Unlucky.
71.6%
bravest
71.2%
comes
71.1%
inside
71.1%
like
71%
% Correct
men
70.9%
man
70.9%
moonlit
70.8%
placed
70.8%
guy
70.3%
France.
70.3%
renowned
70.2%
England
70.2%
But
70.1%
even
70%
something
69.8%
something
69.8%
swept
69.7%
deep
69.6%
scare
69.6%
trying.
69.5%
without
69.4%
somewhere
69.4%
seen
68.8%
you
68.8%
surprises
68.6%
i've
68.3%
throughout
68.3%
moan.
68.2%
it's
68.2%
never
68.2%
sound
67.9%
quotations.
67.9%
from
67.7%
excel
67.5%
shriek.
67.2%
animal
67.2%
would
66.9%
Would
66.9%
little
66.7%
master
66.7%
i'll
66.7%
slightest
66.6%
screams.
66.5%
emptiness
66.5%
fright
66.5%
your
66.5%
weary
66.1%
longing
66%
ghostlike
65.9%
demon
65.9%
effort
65.5%
right
65.4%
pants.
65.4%
light.
65.1%
nor
65.1%
empty
65%
empty
65%
began
64.4%
Shakespearean
64.3%
home.
63.7%
if
63.6%
if
63.6%
Yet
62.8%
could.
61.9%
skeleton
61.8%
they
61%
only
61%
only
61%
all
60.8%
grin.
60.6%
charms.
59.6%
routine.
59.6%
fury
59.4%
here
59.3%
up
58.5%
understand.
58.4%
his
58%
crown
58%
understood.
56.1%
who'd
55.5%
He'd
53.8%
tears.
52.4%
nothing
49.8%
recitations.
49.2%
unknown.
48.5%
Does
48.1%
calls
47.7%
fame
46.3%
praise
45.4%
Quiz Playlist
Details
Report
Send in Message
Add To Playlist
Classic:
Type in answers that appear in a list
Last Updated: Dec 1, 2019
Quiz Scoreboard
CHALLENGE
Sign Up to Join the Scoreboard
Show All
Scores
Hide
Comments
May contain spoilers
Recently Published
1-10 Letter E Words III
by El_Dandy
Language
2m
Street Fighter Characters
by Artimus82
Gaming
60s
College Basketball Coaching Resumes
by pancakes188
Sports
9m
More to Explore
Quiz From the Vault
Featured Blog Post
Where Did the Easter Bunny Come From?
hide this ad
You Might Also Like...
Tags
Christmas Quiz
before
jack
lament
nightmare
The Nightmare Before Christmas
Tim Burton
Today's Top Quizzes in Music
Browse Music
hide this ad
Today's Top Quizzes in Christmas
Browse Christmas
Top Contributed Quizzes in Music
1
Taylor Swift All Songs (2024)
2
Taylor Swift Logic Puzzle
3
Guess the Artist- 70s Songs
4
7-to-1: Billboard Hot 100 #1 Hits of 2010s
5
Sorting Albums and Songs
6
Billboard Blitz: Aretha Franklin
7
KPOP LOGIC QUIZ
8
Guess the Taylor Swift song (Mystery Song)
9
Guess The Taylor Swift Lyrics Song #1
10
Billboard Blitz: ABBA
Explore More
Trending Topics
NBA
Marvel
Anime
Disney
Harry Potter
Kpop
Crossword
Song
WWE
NFL
Pokémon
Soccer
Country
Puzzle
The Office
hide this ad
More By:
wildanimal
Quiz
Plays
Rating
Category
Featured
Created
Backstreet Boys - I Want It That Way
2,081
4.78
Music
Aug 3, 2016
The Nightmare Before Christmas - This Is Halloween
1,839
4.67
Music
Dec 7, 2016
*NSYNC - Bye Bye Bye
1,769
4.71
Music
Dec 16, 2016
All Time Low - Dear Maria Count Me In
1,706
4.13
Music
May 15, 2016
Backstreet Boys - Everybody (Backstreet's Back)
1,395
4.67
Music
Jul 12, 2016
Go to Creator's Profile
Score Distribution
Quiz Creator Spotlight
wildanimal
Follow
Send a Message
Quizzes Created
-
Created Quiz Play Count
-
More By This Creator
Popular Quizzes Today
1
Find the US States - No Outlines Minefield
2
Find the Countries of Europe - No Outlines Minefield
3
The Countries of the World
4
Find the US States
5
Risky Map Clicking: Biggest States A-Z
6
US States
7
Popular People in 1961
8
Movies - When Are They Set?
More Music Quizzes
Ultimate Kpop Quiz! - EXO!
Quiz Lab
Trending Quizzes
Risky Map Clicking: Least Populous States A-Z
Billboard Blitz: Aretha Franklin
Famous Russians: Author or Composer?
1-10 Letter G Words
Countries of the World: 200 Million BC
Recently Updated
Leaping Animals
pecheneg
Reality TV Shows (A-Z)
bhenderson79
Rickey Henderson's Hall of Fame Teammates
pecheneg
Champions League XIs: Arsenal
pecheneg
Quick Pick: Celebrities in WWE's Hall of Fame
aduchscher
A-Z Keypad Blitz II
pecheneg
Multiple Oscar Actors
pecheneg
Mystery Phrase Blitz: Oscar 'Best Actors'
pecheneg
F. Scott Fitzgerald Novels
LTH
Pick 3 Villains
ddd62291
Trending Topics
Harry Potter
Kpop
Anime
Marvel
NBA
Disney
Crossword
Country
WWE
Song
NFL
Pokémon
The Office
Soccer
Puzzle
Your Account Isn't Verified!
In order to create a playlist on Sporcle, you need to verify the email address you used during registration. Go to your
Sporcle Settings
to finish the process.
Report this User
Report this user for behavior that violates our
Community Guidelines
.
Details:
Send Report
Go to the Sporcle.com Mobile Site →
Comments